Compendium on shcolarships fellowships freeships and educational loans for study in India and abroad / (Record no. 16782)

MARC details
000 -LEADER
fixed length control field 02712nam a2200325 a 4500
005 - DATE AND TIME OF LATEST TRANSACTION
control field 20070314083947.0
008 - FIXED-LENGTH DATA ELEMENTS--GENERAL INFORMATION
fixed length control field 060818s2006 ii a | 001 0beng
010 ## - LCCN (DPL NO)
LC control number B-268547-558
020 ## - INTERNATIONAL STANDARD BOOK NUMBER
International Standard Book Number 8123745575
Terms of availability 165.00
035 ## - SYSTEM CONTROL NUMBER
System control number B-268547-558
040 ## - CATALOGING SOURCE
Original cataloging agency dpl
Language of cataloging English
082 ## - DEWEY DECIMAL CLASSIFICATION NUMBER
Classification number 371.422
245 ## - TITLE STATEMENT
Title Compendium on shcolarships fellowships freeships and educational loans for study in India and abroad /
Statement of responsibility, etc compiled by Educational Consultants India
260 ## - PUBLICATION, DISTRIBUTION, ETC. (IMPRINT)
Place of publication, distribution, etc New Delhi
Name of publisher, distributor, etc National Book Trust
Date of publication, distribution, etc 2005
300 ## - PHYSICAL DESCRIPTION
Extent xx, 328 p.
Dimensions 25 cm (pbk)
942 ## - ADDED ENTRY ELEMENTS (KOHA)
Source of classification or shelving scheme Dewey Decimal Classification
Item type English Books
Call number suffix COM
Classification part 371.422
Holdings
Withdrawn status Lost status Source of classification or shelving scheme Damaged status Not for loan Collection code Home library Current library Date acquired Source of acquisition Cost, normal purchase price Total Checkouts Full call number Barcode Date last seen Copy number Cost, replacement price Koha item type Public note
    Dewey Decimal Classification     Non-fiction Bagh Kadhe Khan Bagh Kadhe Khan 11/11/2008   165.00   371.422 COM B-268556 11/11/2008 1 165.00 English Books  
    Dewey Decimal Classification     Non-fiction Bawana Bawana 11/11/2008   165.00   371.422 COM B-268558 11/11/2008 1 165.00 English Books  
    Dewey Decimal Classification     Non-fiction Central Library Central Library 11/11/2008 North India/N122/08/22.5.08/104/30.10.07/5.6.08 165.00   371.422 COM B-268547 11/11/2008 1 165.00 English Books Legal Case (Register No. 26)
    Dewey Decimal Classification     Reference Central Library Central Library 11/11/2008   165.00   371.422 COM B-268548 11/11/2008 1 165.00 English Books  
    Dewey Decimal Classification     Non-fiction Karol Bagh Karol Bagh 11/11/2008   165.00   371.422 COM B-268554 11/11/2008 1 165.00 English Books  
    Dewey Decimal Classification     Non-fiction Kasturba Gandhi Marg Kasturba Gandhi Marg 11/11/2008   165.00   371.422 COM B-268551 11/11/2008 1 165.00 English Books  
    Dewey Decimal Classification     Non-fiction Narela Narela 11/11/2008   165.00   371.422 COM B-268557 11/11/2008 1 165.00 English Books  
    Dewey Decimal Classification     Non-fiction New Police Line New Police Line 11/11/2008   165.00   371.422 COM B-268549 11/11/2008 1 165.00 English Books  
    Dewey Decimal Classification     Non-fiction New Rajendra Nagar New Rajendra Nagar 11/11/2008   165.00   371.422 COM B-268553 11/11/2008 1 165.00 English Books  
    Dewey Decimal Classification     Non-fiction New Rohtak Road New Rohtak Road 11/11/2008   165.00   371.422 COM B-268555 11/11/2008 1 165.00 English Books  
    Dewey Decimal Classification     Non-fiction Patel Nagar Patel Nagar 11/11/2008   165.00   371.422 COM B-268550 11/11/2008 1 165.00 English Books  
Withdrawn Written-off vide DLB M. No. 388 dt 23.02.22 Dewey Decimal Classification     Non-fiction Peshwa Road Peshwa Road 11/11/2008   165.00   371.422 COM B-268552 11/11/2008 1 165.00 English Books  

© Delhi Public Library
Hit Counter
free hit counter